Normal view
MARC view
Entry Personal Name
001 - CONTROL NUMBER
- control field: 14650
003 - CONTROL NUMBER IDENTIFIER
- control field: dpl
005 - DATE AND TIME OF LATEST TRANSACTION
- control field: 20100818122626.0
008 - FIXED-LENGTH DATA ELEMENTS
- fixed length control field: 100818|||a|||||| | ||| d
040 ## - CATALOGING SOURCE
- Original cataloging agency: dpl
- Transcribing agency: dpl
100 ## - HEADING--PERSONAL NAME
- Personal name: अवस्थी, राजेन्द्र
670 ## - SOURCE DATA FOUND
- Source citation: Work cat.: (dpl)34415: अवस्थी, राजेन्द्र, जंगल से शहर तक /, 2009
670 ## - SOURCE DATA FOUND
- Source citation: Work cat.: (dpl)34415: अवस्थी, राजेन्द्र, जंगल से शहर तक /, 2009
